Синтез продуктов присоединения азолов к глиоксалю; Ползуновский вестник; № 3

Bibliografiske detaljer
Parent link:Ползуновский вестник/ Алтайский государственный технический университет им. И. И. Ползунова (АлтГТУ).— , 1998-
№ 3.— 2014.— [С. 118-119]
Hovedforfatter: Мицкий А. С.
Andre forfattere: Потапов А. С. Андрей Сергеевич
Summary:Заглавие с экрана
Таким образом, в данной работе была изучена реакция азолов (имидазола, 2-метилимидазола, 1,2,4-тетразола, 5-аминотетразола, бензимидазола) с водным раствором глиоксаля, получены соответствующие диолы. При взаимодействии полученных диолов с тионилхлоридом образовывались ди(азолил) производные 1,2-дихлорэтана.
Sprog:russisk
Udgivet: 2014
Fag:
Online adgang:http://elib.altstu.ru/elib/books/Files/pv2014_03/pdf/118mickiy.pdf
Format: MixedMaterials Electronisk Book Chapter
KOHA link:https://koha.lib.tpu.ru/cgi-bin/koha/opac-detail.pl?biblionumber=639568

MARC

LEADER 00000naa0a2200000 4500
001 639568
005 20250217143248.0
035 |a (RuTPU)RU\TPU\network\4055 
090 |a 639568 
100 |a 20150317d2014 k||y0rusy50 ca 
101 0 |a rus 
102 |a RU 
135 |a drcn ---uucaa 
181 0 |a i  
182 0 |a b 
200 1 |a Синтез продуктов присоединения азолов к глиоксалю  |f А. С. Мицкий, А. С. Потапов 
203 |a Текст  |c электронный 
300 |a Заглавие с экрана 
320 |a [Библиогр.: с. 119 (2 назв.)] 
330 |a Таким образом, в данной работе была изучена реакция азолов (имидазола, 2-метилимидазола, 1,2,4-тетразола, 5-аминотетразола, бензимидазола) с водным раствором глиоксаля, получены соответствующие диолы. При взаимодействии полученных диолов с тионилхлоридом образовывались ди(азолил) производные 1,2-дихлорэтана. 
337 |a Adobe Reader 
461 |t Ползуновский вестник  |f Алтайский государственный технический университет им. И. И. Ползунова (АлтГТУ)  |d 1998- 
463 |t № 3  |v [С. 118-119]  |d 2014 
610 1 |a электронный ресурс 
610 1 |a труды учёных ТПУ 
610 1 |a алкилирование 
610 1 |a имидазол 
610 1 |a глиоксаль 
610 1 |a бензимидазолы 
610 1 |a тетразолы 
700 1 |a Мицкий  |b А. С. 
701 1 |a Потапов  |b А. С.  |c химик  |c профессор Томского политехнического университета, доктор химических наук  |f 1981-  |g Андрей Сергеевич  |3 (RuTPU)RU\TPU\pers\33902  |9 17475 
801 2 |a RU  |b 63413507  |c 20150317  |g RCR 
856 4 |u http://elib.altstu.ru/elib/books/Files/pv2014_03/pdf/118mickiy.pdf 
942 |c CF